ბათუმის შოთა რუსთაველის სახელმწიფო უნივერსიტეტის ბიბლიოთეკა

Wuthering Heights / (ბიბ.ჩანაწერი № 36182)

000 -LEADER
fixed length control field 01043cam a22003251 4500
001 - CONTROL NUMBER
control field 10333349
005 - DATE AND TIME OF LATEST TRANSACTION
control field 20221024115648.0
008 - FIXED-LENGTH DATA ELEMENTS--GENERAL INFORMATION
fixed length control field 790221s1964 enk 000 0 eng
010 ## - LIBRARY OF CONGRESS CONTROL NUMBER
LC control number
035 ## - SYSTEM CONTROL NUMBER
System control number (OCoLC)4676913
040 ## - CATALOGING SOURCE
Original cataloging agency DLC
Transcribing agency TxF
Modifying agency DLC
050 00 - LIBRARY OF CONGRESS CALL NUMBER
Classification number PZ3.B7902
Item number W62
Classification number PR4172.W7
080 ## - UNIVERSAL DECIMAL CLASSIFICATION NUMBER
Universal Decimal Classification number 821.111 B-87
100 1# - MAIN ENTRY--PERSONAL NAME
Personal name Brontë, Emily,
Dates associated with a name 1818-1848
9 (RLIN) 1579
245 10 - TITLE STATEMENT
Title Wuthering Heights /
Statement of responsibility, etc. by Emily Bronte.
260 ## - PUBLICATION, DISTRIBUTION, ETC.
Place of publication, distribution, etc. New York,
Name of publisher, distributor, etc. Harper & Row,
Date of publication, distribution, etc. 1965.
300 ## - PHYSICAL DESCRIPTION
Extent 152 p.
Dimensions 19 cm.
650 #0 - SUBJECT ADDED ENTRY--TOPICAL TERM
Topical term or geographic name entry element Triangles (Interpersonal relations)
Form subdivision Fiction.
9 (RLIN) 1580
650 #0 - SUBJECT ADDED ENTRY--TOPICAL TERM
Topical term or geographic name entry element Rejection (Psychology)
Form subdivision Fiction.
9 (RLIN) 1581
650 #0 - SUBJECT ADDED ENTRY--TOPICAL TERM
Topical term or geographic name entry element Rural families
Form subdivision Fiction.
9 (RLIN) 1582
650 #0 - SUBJECT ADDED ENTRY--TOPICAL TERM
Topical term or geographic name entry element Foundlings
Form subdivision Fiction.
9 (RLIN) 1583
651 #0 - SUBJECT ADDED ENTRY--GEOGRAPHIC NAME
Geographic name Yorkshire (England)
Form subdivision Fiction.
9 (RLIN) 1584
653 ## - INDEX TERM--UNCONTROLLED
keyword მოთხრობები
655 #7 - INDEX TERM--GENRE/FORM
Genre/form data or focus term Psychological fiction.
Source of term lcsh
9 (RLIN) 1585
655 #7 - INDEX TERM--GENRE/FORM
Genre/form data or focus term Domestic fiction.
Source of term lcsh
9 (RLIN) 1586
655 #7 - INDEX TERM--GENRE/FORM
Genre/form data or focus term Love stories.
Source of term gsafd
9 (RLIN) 1587
906 ## - LOCAL DATA ELEMENT F, LDF (RLIN)
a 7
b cbc
c oclcrpl
d u
e ncip
f 19
g y-gencatlg
942 ## - ADDED ENTRY ELEMENTS (KOHA)
Source of classification or shelving scheme
Koha item type წიგნი
ეგზემპლარები
Withdrawn status Lost status Source of classification or shelving scheme Damaged status Not for loan Permanent Location Current Location Shelving location Date acquired Cost, normal purchase price Full call number Barcode Date last seen Copy number Price effective from Koha item type Public note
          ბათუმის შოთა რუსთაველის სახელმწიფო უნივერსიტეტის მთავარი ბიბლიოთეკა ბათუმის შოთა რუსთაველის სახელმწიფო უნივერსიტეტის მთავარი ბიბლიოთეკა წიგნსაცავი 2018-12-17 5.00 821.111 4366 2018-12-17 4366 2018-12-17 წიგნი 5 ლ.